00481nam a22001577a 450000500170000000800410001702000240005804000130008208200210009510000180011624500970013425000120023126000460024330000110028965000230030020260224100938.0260224b |||||||| |||| 00| 0 eng d a9780702045981 (pbk) cPK-LaUMT a617.60754bWHA-R aWhaites, Eric aRadiography and radiology for dental cae professionals /cby Eric Whaites and Nicholas Drage a3rd ed. aEdinburgh :bChurchill Livingstone,c2017 a293 p. aDental radiography